000 00456nam a2200145 i 4500
001 49036
003 ES-MaACL
005 20230906161853.0
007 t|
008 030704s1944 sp ||||1| spa d
245 0 0 _aCorpus Christi
_b: Toledo 1944 : Ciclo de conferencias preparatorio a la Fiesta del Corpus.
260 _a[Toledo] :
_bAyuntamiento :
_bEdit. Católica Toledana,
_c[1944]
300 _a80 p., 5 lám. ;
_c22 cm.
852 _aES-MaACL
_jC-14947
999 _c49036
_d49036